00631nam a2200217u 450000100090000000300040000900500170001300800410003001000170007104000190008805000210010708200230012824500440015126000570019530000260025252100210027852600160029954100060031556200560032165000360037710297722OSt20140310182722.0810604s1960 nyua 000 0 eng  a 60001432  aDLCcCarPdDLC00aZ 49b.B658 1960 aM 652.3 bB62 196004aThe blue book of typing for beginners.  aNew York,bRegents Publishing Company, Inc.,cc1960. a51 p.bill. ;c25 cm. aCollege Students c1210L-1700L j1 eFor circulation. 1 copy available in the collection 0aTypewriting. [from old catalog]